Estadísticas para Torneos ganados por Rafael Nadal

Haz click aquí para intentar la prueba.

Estadísticas generales

  • Esta prueba ha sido intentada 98 veces
  • La puntuación promedio es 46 de 92

Estadísticas de respuestas

AñoTorneos% Correcto
2022Roland Garros
98%
2006Roland Garros
98%
2011Roland Garros
98%
2017Roland Garros
98%
2007Roland Garros
98%
2005Roland Garros
98%
2020Roland Garros
98%
2019Roland Garros
98%
2010Roland Garros
98%
2018Roland Garros
98%
2008Roland Garros
98%
2012Roland Garros
98%
2013Roland Garros
98%
2014Roland Garros
98%
2010Wimbledon
86%
2008Wimbledon
86%
2010Madrid
63%
2014Madrid
63%
2005Madrid
63%
2013Madrid
63%
2017Madrid
63%
2009Roma
61%
2010Roma
61%
2013Roma
61%
2012Roma
61%
2007Roma
61%
2021Roma
61%
2005Roma
61%
2019Roma
61%
2006Roma
61%
2018Roma
61%
2017Barcelona
55%
2012Barcelona
55%
2011Barcelona
55%
2013Barcelona
55%
2021Barcelona
55%
2005Barcelona
55%
2018Barcelona
55%
2006Barcelona
55%
2009Barcelona
55%
2016Barcelona
55%
2007Barcelona
55%
2008Barcelona
55%
2007Indian Wells
51%
2009Indian Wells
51%
2013Indian Wells
51%
2018Montecarlo
47%
2016Montecarlo
47%
2017Montecarlo
47%
2012Montecarlo
47%
2008Montecarlo
47%
2005Montecarlo
47%
2011Montecarlo
47%
2010Montecarlo
47%
2006Montecarlo
47%
2007Montecarlo
47%
2009Montecarlo
47%
2009Open de Australia
45%
2022Open de Australia
45%
2015Buenos Aires
35%
2019Open de Estados Unidos
33%
2010Open de Estados Unidos
33%
2013Open de Estados Unidos
33%
2017Open de Estados Unidos
33%
2005Acapulco
29%
2013Acapulco
29%
2020Acapulco
29%
2022Acapulco
29%
2013Cincinnati
29%
2022Melbourne
29%
2014Río de Janeiro
24%
2005
Pekín
22%
2017Pekín
22%
2010Tokio
22%
2008Juegos Olímpicos
20%
2019Canada
18%
2005Canadá
18%
2018Canada
18%
2013Canada
18%
2008Canadá
18%
2006Dubai
18%
2008Hamburgo
18%
2015Hamburgo
18%
2014Doha
14%
2008Queen's Club
12%
2013Brasil
10%
2005Brasil
10%
2005Stuttgart
10%
2007Stuttgart
10%
2015Stuttgart
10%
2004Sopot
8%
2005Bastad
6%

Distribución de puntuación

Porcentaje por número respondido

Porcentaje de gente con cada puntuación

Historial de tus puntuaciones

No has intentado esta prueba.